|
|
|
|
| LEADER |
00000nab a2200000 a 4500 |
| 001 |
vtls000188076 |
| 003 |
SK-MaSNL |
| 005 |
20260303213653.0 |
| 008 |
111106c1984 xo 0 slo |
| 015 |
|
|
|a SNBRB19rr/mm-uuuuu
|
| 035 |
|
|
|a CL0198189
|
| 040 |
|
|
|a SNKBUCL
|b slo
|c SNKBUCL
|e AACR2
|
| 041 |
0 |
|
|a slo
|
| 044 |
|
|
|a xo
|c SK
|
| 080 |
|
|
|a 796.41.093.1-053.67
|2 1981
|
| 100 |
1 |
|
|a Blahútová, Bibiana
|4 aut
|9 944012
|
| 245 |
1 |
0 |
|a Päť medailových štartov ČSSR
|b Skončil sa jubilejný ročník gymnastickej Družby
|c Bibiana Blahútová
|
| 650 |
0 |
7 |
|a športová gymnastika
|2 snkbucl
|9 769
|
| 651 |
|
7 |
|a 5211
|2 snkbucl
|9 283191
|
| 655 |
|
7 |
|a články z novín a časopisov
|2 snkbucl
|9 267496
|
| 773 |
0 |
|
|t Šport
|g Roč. 38, č. 160 (9. 7. 1984), s. 1 a 4
|
| 850 |
|
|
|a Slovenská národná knižnica v Martine
|a MTA001
|
| 852 |
|
|
|a SNK
|b KIS3GCP
|
| 958 |
|
|
|a RK
|
| 992 |
|
|
|a RBX
|
| 999 |
|
|
|c 2213313
|d 2215243
|